| 000 | 00845nam a2200253 a 4500 | ||
|---|---|---|---|
| 003 | MX-MxUPN | ||
| 005 | 20240906063843.0 | ||
| 008 | 991125s1917 bo fr 000 0 spa d | ||
| 035 | _aUPN01000028033 | ||
| 040 |
_aMX-MxUPN _bspa _cMX-MxUPN |
||
| 041 | _aspa | ||
| 050 | 4 |
_aLA551 _bF5.3 |
|
| 100 | 1 |
_aFinot, Enrique, _d1891-1952 _953441 |
|
| 245 | 1 | 0 | _aHistoria de la pedagogía boliviana |
| 260 |
_aLa Paz, Bolivia : _b[editor no identificado], _c1917. |
||
| 300 | _a114 páginas | ||
| 504 | _aIncluye índice. | ||
| 650 | 4 |
_aEducación _zBolivia _xHistoria _915027 |
|
| 710 | 2 |
_951335 _aMuseo Pedagógico Nacional (México) _epropietario anterior |
|
| 710 | 1 |
_951349 _aMéxico. _bSecretaría de Educación Pública. _bBiblioteca Pública _epropietario anterior |
|
| 902 | _bMaríaRobles/050924 | ||
| 905 | _aLibro | ||
| 942 |
_2lcc _cLIBRO _n0 |
||
| 999 |
_c28033 _d28033 |
||